The essentials of illustration (Record no. 961)

MARC details
000 -LEADER
fixed length control field 00582nam a2200169Ia 4500
003 - CONTROL NUMBER IDENTIFIER
control field IN-BaIIA
008 - FIXED-LENGTH DATA ELEMENTS--GENERAL INFORMATION
fixed length control field 211028s9999 xx 000 0 eng d
040 ## - CATALOGING SOURCE
Transcribing agency IIA Library
080 ## - UNIVERSAL DECIMAL CLASSIFICATION NUMBER
Universal Decimal Classification number 655.3:026
Item number HIL
100 ## - MAIN ENTRY--PERSONAL NAME
Personal name Hill, T. G.
9 (RLIN) 2066
245 #4 - TITLE STATEMENT
Title The essentials of illustration
Remainder of title a practical guide to the reproduction of drawings and photographs for the use of scientists and others
Statement of responsibility, etc. T. G. Hill
260 ## - PUBLICATION, DISTRIBUTION, ETC.
Place of publication, distribution, etc. London
Name of publisher, distributor, etc. William Wesley
Date of publication, distribution, etc. 1915
300 ## - PHYSICAL DESCRIPTION
Extent xii, 91p.
650 ## - SUBJECT ADDED ENTRY--TOPICAL TERM
Topical term or geographic name entry element NASA Thesaurus
650 ## - SUBJECT ADDED ENTRY--TOPICAL TERM
Topical term or geographic name entry element Printing
9 (RLIN) 2067
942 ## - ADDED ENTRY ELEMENTS (KOHA)
Koha item type Books
Holdings
Withdrawn status Lost status Damaged status Not for loan Home library Current library Shelving location Date acquired Total Checkouts Full call number Barcode Date last seen Price effective from Koha item type
        IIA Library-Bangalore IIA Library-Kodaikanal General Stacks     655.3:026/ HIL 995 05/11/2021   Books

Powered by Koha